IRRDB symposium on agronomy aspects of the cultivation of natural rubber,(Hevea brasiliensis). Beruwela, Sri Lanka, 5-6 November, 1996 (Record no. 43820)

MARC details
000 -LEADER
fixed length control field 00626nam a2200205Ia 4500
082 ## - DEWEY DECIMAL CLASSIFICATION NUMBER
Classification number NR:063IR`1996'
Item number IRR
245 #0 - TITLE STATEMENT
Title IRRDB symposium on agronomy aspects of the cultivation of natural rubber,(Hevea brasiliensis). Beruwela, Sri Lanka, 5-6 November, 1996
260 ## - PUBLICATION, DISTRIBUTION, ETC. (IMPRINT)
Place of publication U.K
Name of publisher IRRDB
Year of publication 1997
650 ## - SUBJECT ADDED ENTRY--TOPICAL TERM
Topical Term Corynespora leaf fall disease
650 ## - SUBJECT ADDED ENTRY--TOPICAL TERM
Topical Term Cote d'Ivoire
650 ## - SUBJECT ADDED ENTRY--TOPICAL TERM
Topical Term Herbicides
650 ## - SUBJECT ADDED ENTRY--TOPICAL TERM
Topical Term Hevea pathogens
650 ## - SUBJECT ADDED ENTRY--TOPICAL TERM
Topical Term Natural rubber
650 ## - SUBJECT ADDED ENTRY--TOPICAL TERM
Topical Term Scion
650 ## - SUBJECT ADDED ENTRY--TOPICAL TERM
Topical Term Tapping
650 ## - SUBJECT ADDED ENTRY--TOPICAL TERM
Topical Term Tree dryness
650 ## - SUBJECT ADDED ENTRY--TOPICAL TERM
Topical Term Waste water treatment
942 ## - ADDED ENTRY ELEMENTS (KOHA)
Koha item type Books
Holdings
Withdrawn status Lost status Damaged status Not for loan Home library Current library Date acquired Source of acquisition Full call number Accession Number Koha item type
        RRII Library RRII Library 16/12/2021 Gift NR:063IR`1996' IRR G00572 Books